[Event "Challenge"]
[Site "http://www.queenalice.com/game.php?id=664406"]
[Date "2009.10.8"]
[Round "-"]
[White "renatomurasaki"]
[Black "umgeher"]
[Result "0-1"]
[WhiteElo "1322"]
[BlackElo "1540"]

1. e4 c5 2. c4 e5 3. Nf3 d6 4. Nc3 Bd7 5. b3 g5 6. g4 h5 7. gxh5 g4 8. Ng1 Rxh5
9. h3 Qg5 10. d3 Qh4 11. Bg2 Nf6 12. hxg4 Bxg4 13. Nf3 Nc6 14. Rxh4 Rxh4 15. Bg5
Rh2 16. Bxf6 Rxg2 17. Nd5 Rc8 18. Qd2 Bxf3 19. Qe3 Rg1+ 20. Kd2 Rxa1 21. Qxf3
Bh6+ 22. Kc2 Nd4+ 23. Kb2 Nxf3 24. Kxa1 Bg5 25. Bg7 Ne1 26. f3 Nc2+ 27. Kb2 Nd4
28. Nc3 Rc7 29. Nb5 Rd7 30. Nxa7 f6 31. a3 Rxg7 32. b4 b6 33. Nc8 Be3 34. Nxd6+
Kd7 35. Nf5 Rg2+ 36. Kb1 Rc2 37. Nxe3 Rc3 38. a4 Rxd3 39. Ng4 Rxf3 40. a5 Rb3+
41. Ka2 Rxb4 42. Ka3 bxa5 43. Nxf6+ Ke6 44. Nd5 Nc2+ 45. Ka2 Rxc4 46. Nc7+ Kd6
47. Nb5+ Kc6 48. Na7+ Kb7 49. Kb3 Kxa7 50. Kxc4 Kb6 51. Kd5 a4 52. Kc4 Na3+ 53.
Kc3 Kb5 54. Kb2 Kb4 55. Ka2 c4 56. Kb2 c3+ 57. Kc1 Kb3 58. Kd1 c2+ 59. Kd2 Kb2
60. Kd3 c1=Q 0-1

[Event "Challenge"]
[Site "http://www.queenalice.com/game.php?id=686648"]
[Date "2009.11.21"]
[Round "-"]
[White "umgeher"]
[Black "renatomurasaki"]
[Result "0-1"]
[WhiteElo "1576"]
[BlackElo "1207"]

1. e4 e5 2. c4 b6 3. Nc3 c6 4. d3 f6 5. d4 d6 6. Qa4 exd4 7. Nd1 Bd7 8. c5 b5 9.
Qxd4 f5 10. e5 dxc5 11. Qc3 a5 12. Nf3 c4 13. Bg5 Be7 14. e6 Bf6 15. Bxf6 Qxf6
16. exd7+ Nxd7 17. Qe3+ Kf7 18. Ng5+ Kf8 19. Ne6+ Kf7 20. Nc7 Nh6 21. Nc3 Ng4
22. Qf3 Rae8+ 23. Be2 Nde5 24. Qf4 Nd3+ 25. Kf1 Nxf4 26. h3 b4 27. Bxc4+ Kg6 28.
Nd1 Qe5 29. Nxe8 Rxe8 30. hxg4 Qe1# 0-1

[Event "AUTO-BEG-364"]
[Site "http://www.queenalice.com/game.php?id=695409"]
[Date "2009.12.9"]
[Round "1"]
[White "pfunk339"]
[Black "renatomurasaki"]
[Result "0-1"]
[WhiteElo "1229"]
[BlackElo "1277"]

1. e4 e5 2. Bc4 d6 3. Qf3 Be6 4. Na3 Nc6 5. Nh3 Nd4 6. Qh5 Bxc4 7. Nxc4 Nxc2+ 8.
Ke2 g6 9. Qf3 Nd4+ 10. Kd1 Nxf3 11. gxf3 d5 12. Nxe5 d4 13. d3 Qh4 14. Nf4 Bh6
15. Ne2 Nf6 16. Nxd4 O-O 17. Kc2 Rad8 18. Kc3 c5 19. Ne2 Rfe8 0-1

[Event "AUTO-BEG-364"]
[Site "http://www.queenalice.com/game.php?id=695410"]
[Date "2009.12.9"]
[Round "1"]
[White "renatomurasaki"]
[Black "pfunk339"]
[Result "1-0"]
[WhiteElo "1306"]
[BlackElo "1229"]

1. e4 e5 2. Nf3 Qf6 3. d3 Bc5 4. Be3 b6 5. Bxc5 bxc5 6. c4 Bb7 7. Nc3 Na6 8. Qb3
Nb4 9. Qa4 Ne7 10. Qb5 Nc2+ 11. Kd1 Nxa1 12. Qxb7 O-O 13. Nb5 a6 14. Nxc7 Rab8
15. Qxa6 Nc6 16. Nd5 Qe6 17. h4 1-0

[Event "AUTO-BEG-364"]
[Site "http://www.queenalice.com/game.php?id=695421"]
[Date "2009.12.9"]
[Round "1"]
[White "renatomurasaki"]
[Black "Peppone"]
[Result "0-1"]
[WhiteElo "1322"]
[BlackElo "1809"]

1. e4 c5 2. Qf3 Nc6 3. c3 Ne5 4. Qe3 Nf6 5. d4 cxd4 6. Qxd4 Nc6 7. Qc4 e6 8. Bg5
Be7 9. Nf3 O-O 10. e5 Nd5 11. Qh4 Bxg5 12. Nxg5 h6 13. Bd3 Qxg5 14. Qe4 g6 15.
h4 Qc1+ 16. Ke2 Qxh1 17. Qg4 Nxe5 18. Qe4 Nxd3 19. Kxd3 Qd1+ 20. Kc4 b5+ 0-1

[Event "AUTO-BEG-364"]
[Site "http://www.queenalice.com/game.php?id=695422"]
[Date "2009.12.9"]
[Round "1"]
[White "Peppone"]
[Black "renatomurasaki"]
[Result "1-0"]
[WhiteElo "1604"]
[BlackElo "1331"]

1. e4 e5 2. f4 d6 3. Nf3 f6 4. Be2 Nc6 5. O-O Bg4 6. Nc3 Bxf3 7. Bxf3 Nd4 8.
fxe5 dxe5 9. d3 Bc5 10. Kh1 f5 11. exf5 Nxf5 12. Bxb7 Ne3 13. Qh5+ Kd7 14. Rf7+
Ne7 15. Bxa8 Qxa8 16. Ne4 g6 17. Qh3+ Nf5 18. Nxc5+ 1-0

[Event "AUTO-OPEN-1792"]
[Site "http://www.queenalice.com/game.php?id=695531"]
[Date "2009.12.9"]
[Round "1"]
[White "Daciolg"]
[Black "renatomurasaki"]
[Result "1-0"]
[WhiteElo "1473"]
[BlackElo "1240"]

1. e4 e5 2. Nf3 f6 3. Bc4 Ne7 4. O-O c6 5. d4 b5 6. Bb3 Ng6 7. dxe5 fxe5 8. Nc3
b4 9. Ne2 Qf6 10. Ng3 Bc5 11. Bg5 Qd6 12. Nf5 Qf8 13. Be3 Bxe3 14. fxe3 d6 15.
Nxd6+ Ke7 16. Nf7 Bg4 17. Qd6+ Ke8 18. Qd8# 1-0

[Event "AUTO-OPEN-1792"]
[Site "http://www.queenalice.com/game.php?id=695532"]
[Date "2009.12.9"]
[Round "1"]
[White "renatomurasaki"]
[Black "Daciolg"]
[Result "0-1"]
[WhiteElo "1221"]
[BlackElo "1480"]

1. c4 c5 2. f4 Nc6 3. e3 e5 4. Qf3 d6 5. Nc3 Nf6 6. b3 Be7 7. e4 Nd4 8. Qd3 exf4
9. Nd5 Nxd5 10. cxd5 Bf6 11. Bb2 Bg4 12. h3 Bh4+ 13. g3 Bxg3+ 14. Qxg3 Nc2+ 15.
Kf2 fxg3+ 16. Kxg3 Bd7 17. Bd3 Nxa1 18. Bxa1 Qg5+ 19. Kf3 Qxd2 20. Bc4 Qxa2 21.
Bxg7 Rg8 22. Bf6 Qg2+ 23. Ke3 Rg3+ 24. Kf4 Qf2+ 25. Nf3 Qxf3# 0-1